Catalogue des protéines (Cours Ecologie Microbienne_Mme Wisniewski) - Statistiques

Statistiques générales
  • Ce quiz a été pris 55 fois
  • Le résultat moyen est 25 sur 35
Statistiques - réponses
Rôle Protéine % Correct
Renature des protéines dans sa cavité hydrophile GroEL
94%
Associé à UvrB, coupe 8 nucléotides en amont et 5 nucléotides en aval UvrC
94%
Permet la conformation cis de la cavité hydrophile de GroEL GroES
91%
Facteur d'échange de nucléotides du complexe DnaK/J GrpE
91%
Par 2, associé à UvrB, circule le long de l'ADN UvrA
91%
Capture et renature les protéines liées à DnaK ; consomme 1 ATP DnaJ
88%
Antiporteur de K+ en échange de la sortie d'un H+ Trk
88%
Hélicase qui dissocie le fragment ADN et le complexe UvrB/C UvrD
88%
Inhibe la transcription des gènes du système S.O.S. LexA
85%
Elimine les protéines dénaturées par un choc hyperthermique ; consomme 1 ATP Lon
85%
Associé à 2 UvrA, détecte les sites de lésions de l'ADN UvrB
82%
Transporte l'influx de choline BetT
79%
Transporte l'influx de glycine-bétaïne, ectoïne et proline ProP
79%
Elimine les protéines de très grande taille dénaturées par un choc hypethermique ; consomme 1 ATP Clp
76%
Transporte l'influx de glycine-bétaïne, ectoïne et proline ; consomme 1 ATP ProU
73%
Facteur transcriptionnel (x15-20) des protéines de la réponse aux chocs hyperthermiques sigma32
73%
Transporte l'influx de choline-bétaïne BetU
70%
Déstabilise la structure secondaire des ARNm CspA
70%
Se lie à 30S et favorise la réassociation des sous-unités du ribosome IF²
70%
Inhibe la transcription des gènes de ménage des protéines de la réponse aux chocs hypothermiques H-NS
67%
Protège les sites de lésions avant leur recombinaison ; Forme un filament nucléoprotéique avec SSB RecA
67%
Fixé à la membrane plasmique, forme une sous-unité de la polymérase 5 mutasome UmuC
67%
Chez les Archae, augmente la torsion de l'ADN Gyrase inverse
64%
Stimule l'entrée de K+ par KdpF ; consomme 1 ATP KdpE
64%
Capte un photon (entre 300 et 500 nm) et libère un électron pour la photo-réactivation de l'ADN MTHF
64%
Transforment le Glucose-6-phosphate en tréhalose otsA/B
64%
Par 2, s'associe à RecA+ATP et forme une sous-unité de la polymérase 5 mutasome UmuD
64%
Piège le K+ externe ; consomme 1 ATP KdpF
61%
Se lie aux protéines dénaturées par courtes zones hydrophobes de 5 à 7 acides aminés DnaK
58%
Transporte l'efflux de solutés de petite taille (1,0nm-3,7nm) MscS
55%
Sollicite le complexe UvrA/B et dissocie l'ARN polymérase bloquée sur un site de lésion Mfd
52%
Transporte l'efflux de solutés de grande taille (3,4nm-5,0nm) MscL
52%
Inhibe la division cellulaire SulA
48%
Transforme la choline en glycine-bétaïne BetA
42%
Forme un filament nucléoprotéique qui stabilise l'ADN simple brin SSB
42%
Aucun quiz correspondant
Distribution des résultats
% des personnes avec chaque résultat
Percentile par nombre de réponses
Votre historique - résultats
Vous n’avez pas pris ce quiz